[Event "29. Torneo Collado Villalba 2012"]
[Site "Collado Villalba ESP"]
[Date "2012.08.27"]
[Round "4.24"]
[White "Garcia-Ruiz Fuentes, Angel M"]
[Black "Gutierrez Mordini, Pablo"]
[Result "1-0"]
[WhiteElo "1942"]
[BlackElo "1690"]
[PlyCount "91"]
[EventDate "2012.08.24"]
[EventType "swiss"]
[EventRounds "9"]
[EventCountry "ESP"]
[Source "lmi"]
[SourceDate "2012.08.24"]

1. e4 e5 2. Bc4 Bc5 3. Nc3 Nf6 4. d3 d6 5. f4 Ng4 6. f5 h5 7. Nh3 Qh4+ 8. Kf1
Nf2 9. Qe1 g6 10. Nxf2 gxf5 11. Nh3 Qxe1+ 12. Kxe1 fxe4 13. dxe4 Bxh3 14. gxh3
Nc6 15. Rf1 O-O-O 16. Bg5 Rdf8 17. Kd2 Nd4 18. Na4 b5 19. Nxc5 bxc4 20. Na6
Rhg8 21. Be3 Rg2+ 22. Rf2 Rxf2+ 23. Bxf2 c5 24. c3 Ne6 25. b4 Kb7 26. b5 Ng5
27. Ke3 f5 28. exf5 Nxh3 29. Bg3 Rxf5 30. Rd1 Rf6 31. Bh4 Re6 32. Ke4 Rg6 33.
Ke3 Nf4 34. Be7 Nd3 35. Rf1 Nf4 36. Ke4 Kb6 37. Bxd6 Rxd6 38. Kxe5 Re6+ 39. Kf5
Re3 40. Rxf4 Rxc3 41. a4 Rc2 42. h4 Ka5 43. Nxc5 Kb4 44. Nd7 Kxa4 45. b6 axb6
46. Rxc4+ 1-0

[Event "29. Torneo Collado Villalba 2012"]
[Site "Collado Villalba ESP"]
[Date "2012.08.27"]
[Round "4.25"]
[White "Martin-Consuegra Barrilero, Francisco Javier"]
[Black "Rodriguez De Robles, Ignacio"]
[Result "1-0"]
[WhiteElo "1895"]
[BlackElo "1931"]
[PlyCount "77"]
[EventDate "2012.08.24"]
[EventType "swiss"]
[EventRounds "9"]
[EventCountry "ESP"]
[Source "lmi"]
[SourceDate "2012.08.24"]

1. d4 Nf6 2. Bf4 g6 3. Nf3 Bg7 4. e3 O-O 5. Be2 c5 6. c3 cxd4 7. exd4 Nd5 8.
Bg3 Nc6 9. O-O Qb6 10. Qb3 Qa5 11. Nbd2 Nb6 12. Rfe1 d6 13. Nc4 Nxc4 14. Bxc4
Qh5 15. Qb5 Qg4 16. h3 Qf5 17. Bd3 Qxb5 18. Bxb5 Bf6 19. d5 Nd8 20. Bh4 Bxh4
21. Nxh4 e5 22. dxe6 fxe6 23. Rad1 Nf7 24. Nf3 d5 25. Ne5 Nd6 26. Bd3 Kg7 27.
c4 b6 28. g3 Bb7 29. a3 Rad8 30. h4 dxc4 31. Bxc4 Nxc4 32. Rxd8 Rxd8 33. Nxc4
Bd5 34. Ne3 Bf3 35. Rc1 h5 36. Kf1 Kf6 37. Ke1 Rd4 38. Rc4 Rd7 39. Rf4+ 1-0

[Event "29. Torneo Collado Villalba 2012"]
[Site "Collado Villalba ESP"]
[Date "2012.08.28"]
[Round "5.2"]
[White "Arribas Lopez, Angel"]
[Black "Martin Rueda, Daniel"]
[Result "1-0"]
[WhiteElo "2467"]
[BlackElo "2297"]
[PlyCount "71"]
[EventDate "2012.08.24"]
[EventType "swiss"]
[EventRounds "9"]
[EventCountry "ESP"]
[Source "lmi"]
[SourceDate "2012.08.24"]

1. e4 c5 2. Nc3 e6 3. Nge2 a6 4. d4 cxd4 5. Nxd4 b5 6. g3 Bb7 7. Bg2 Nf6 8. O-O
d6 9. Re1 Qc7 10. a4 bxa4 11. Rxa4 Be7 12. Rb4 Nbd7 13. Nd5 exd5 14. exd5 Ne5
15. Nf5 Nfd7 16. f4 Qc5+ 17. Qd4 Qxd4+ 18. Rxd4 Bf8 19. Rb4 O-O-O 20. fxe5 dxe5
21. d6 Bxg2 22. Kxg2 f6 23. Rc4+ Kb8 24. Re3 g6 25. Rb3+ Ka8 26. Rc7 Rb8 27.
Rxd7 Rxb3 28. cxb3 gxf5 29. Rd8+ Kb7 30. Bh6 Bg7 31. Rd7+ Kc6 32. Rxg7 Kxd6 33.
Ra7 Rb8 34. Rxa6+ Kd5 35. Rxf6 Ke4 36. Bd2 1-0

[Event "29. Torneo Collado Villalba 2012"]
[Site "Collado Villalba ESP"]
[Date "2012.08.28"]
[Round "5.3"]
[White "Unciti Juan, Javier"]
[Black "Roa Alonso, Santiago"]
[Result "0-1"]
[WhiteElo "2143"]
[BlackElo "2426"]
[PlyCount "108"]
[EventDate "2012.08.24"]
[EventType "swiss"]
[EventRounds "9"]
[EventCountry "ESP"]
[Source "lmi"]
[SourceDate "2012.08.24"]

1. e4 c5 2. Nf3 Nc6 3. d4 cxd4 4. Nxd4 Nf6 5. Nc3 d6 6. f4 Bd7 7. Nf3 g6 8. Bd3
Qb6 9. Bd2 Bg7 10. a3 O-O 11. Na4 Qc7 12. O-O d5 13. e5 Ne4 14. Nc3 Nxd2 15.
Qxd2 e6 16. Qe3 f6 17. Nb5 Qb8 18. Rae1 fxe5 19. fxe5 a6 20. Nbd4 Qa7 21. c3
Qc5 22. Qg5 Rxf3 23. Rxf3 Nxd4 24. cxd4 Qxd4+ 25. Kh1 Rf8 26. Rxf8+ Bxf8 27.
Qd8 Bc6 28. Rf1 Qc5 29. Qc8 Qe7 30. Rf6 Kg7 31. Rxe6 Qd7 32. Qxd7+ Bxd7 33. Rf6
Be7 34. Rf1 Bg5 35. b4 Be3 36. Re1 d4 37. Rf1 Bg5 38. Bc4 Bf5 39. h3 h5 40. g4
hxg4 41. hxg4 Bxg4 42. Rf7+ Kh6 43. Kg2 b5 44. Bb3 d3 45. e6 d2 46. e7 Bd7 47.
Kf2 Bc6 48. Ke2 Bd7 49. Bd5 a5 50. bxa5 b4 51. axb4 Bb5+ 52. Kf2 d1=Q 53. Bf3
Qc2+ 54. Kg3 Bh4+ 0-1

[Event "29. Torneo Collado Villalba 2012"]
[Site "Collado Villalba ESP"]
[Date "2012.08.28"]
[Round "5.5"]
[White "Sanchez Gonzalez, Sergio"]
[Black "Pascual Palomo, Lucia"]
[Result "0-1"]
[WhiteElo "2273"]
[BlackElo "2120"]
[PlyCount "38"]
[EventDate "2012.08.24"]
[EventType "swiss"]
[EventRounds "9"]
[EventCountry "ESP"]
[Source "lmi"]
[SourceDate "2012.08.24"]

1. c4 e6 2. Nc3 b6 3. e4 c5 4. Nf3 Nc6 5. d4 cxd4 6. Nxd4 Bb7 7. Be2 Qb8 8. Nc2
Nf6 9. a3 Na5 10. Qd3 Nb3 11. Rb1 Nc5 12. Qd4 Ncxe4 13. b4 Bd6 14. Bb2 Be5 15.
Qd3 Nxc3 16. Bxc3 Bxg2 17. Bxe5 Qxe5 18. Rg1 Qxh2 19. Kd2 Ne4+ 0-1

[Event "29. Torneo Collado Villalba 2012"]
[Site "Collado Villalba ESP"]
[Date "2012.08.28"]
[Round "5.6"]
[White "Suarez Triguero, Jose Alfonso"]
[Black "Bermejo Arruego, Luis"]
[Result "1/2-1/2"]
[WhiteElo "2080"]
[BlackElo "2188"]
[PlyCount "81"]
[EventDate "2012.08.24"]
[EventType "swiss"]
[EventRounds "9"]
[EventCountry "ESP"]
[Source "lmi"]
[SourceDate "2012.08.24"]

1. e4 c5 2. c4 Nc6 3. Ne2 g6 4. d4 cxd4 5. Nxd4 Bg7 6. Be3 Nf6 7. Nc3 d6 8. Be2
O-O 9. O-O Bd7 10. Rc1 Nxd4 11. Bxd4 Bc6 12. f3 a5 13. Qd2 Nd7 14. Be3 Nc5 15.
Bd1 Qb6 16. Kh1 a4 17. Be2 Rfc8 18. Nb5 Qa5 19. Qxa5 Rxa5 20. Rb1 Ne6 21. Rfd1
g5 22. Nd4 Nxd4 23. Bxd4 Bxd4 24. Rxd4 f5 25. exf5 Rxf5 26. h4 h6 27. b4 axb3
28. axb3 Ra8 29. hxg5 hxg5 30. b4 b6 31. Kh2 Ra2 32. Bd1 Bxf3 33. Bxf3 Rxf3 34.
c5 bxc5 35. bxc5 Rf4 36. Rxf4 gxf4 37. cxd6 exd6 38. Rd1 f3 39. Rxd6 Rxg2+ 40.
Kh1 Rg3 41. Kh2 1/2-1/2

[Event "29. Torneo Collado Villalba 2012"]
[Site "Collado Villalba ESP"]
[Date "2012.08.28"]
[Round "5.7"]
[White "Ginesta Caballero, Olga Lucia"]
[Black "Montoya Pecurul, Marc"]
[Result "1-0"]
[WhiteElo "2093"]
[BlackElo "1925"]
[PlyCount "51"]
[EventDate "2012.08.24"]
[EventType "swiss"]
[EventRounds "9"]
[EventCountry "ESP"]
[Source "lmi"]
[SourceDate "2012.08.24"]

1. e4 c5 2. Nc3 g6 3. f4 Nc6 4. Nf3 Bg7 5. Bb5 Nd4 6. O-O a6 7. Bc4 b5 8. Bd5
Rb8 9. d3 e6 10. Bb3 Ne7 11. Nxd4 Bxd4+ 12. Kh1 Bb7 13. e5 Nf5 14. Ne4 Qh4 15.
Qe1 Bxe4 16. dxe4 Qxe1 17. Rxe1 Ng7 18. c3 Bf2 19. Rf1 Bh4 20. Be3 Be7 21. Rad1
Rd8 22. g4 d6 23. f5 c4 24. f6 cxb3 25. fxe7 Kxe7 26. Bg5+ 1-0

[Event "29. Torneo Collado Villalba 2012"]
[Site "Collado Villalba ESP"]
[Date "2012.08.28"]
[Round "5.8"]
[White "Martinez De Miguel, Pedro"]
[Black "Garcia Vicente, Nieves"]
[Result "0-1"]
[WhiteElo "2121"]
[BlackElo "2190"]
[PlyCount "80"]
[EventDate "2012.08.24"]
[EventType "swiss"]
[EventRounds "9"]
[EventCountry "ESP"]
[Source "lmi"]
[SourceDate "2012.08.24"]

1. e4 e5 2. Nf3 Nc6 3. Bc4 Nf6 4. d3 Bc5 5. O-O d6 6. h3 a6 7. c3 Ba7 8. a4 O-O
9. Bg5 h6 10. Bh4 Qe7 11. Qc1 Be6 12. Na3 Na5 13. Rb1 Nxc4 14. Nxc4 Bxc4 15.
dxc4 Qe6 16. Re1 Nh5 17. Qd1 g5 18. Nxg5 hxg5 19. Bxg5 Qg6 20. Be3 Kh7 21. Qf3
Rg8 22. Kh1 Bxe3 23. Rxe3 Nf4 24. Rg1 Qe6 25. b3 Rg6 26. Kh2 Rh6 27. Qd1 Rg8
28. Qf1 Qe7 29. Rg3 Rg5 30. Qd1 Qe6 31. Rh1 Qg6 32. Qf3 Ne6 33. Rf1 Rh4 34. Qe3
Qxe4 35. Qd2 Qf4 36. Qe2 Rh6 37. Kh1 Qf5 38. Rxg5 Nxg5 39. Kg1 Qe4 40. Re1
Nxh3+ 0-1

[Event "29. Torneo Collado Villalba 2012"]
[Site "Collado Villalba ESP"]
[Date "2012.08.28"]
[Round "5.9"]
[White "Baeza Escudero, Javier"]
[Black "Prieto Martin, Alfonso"]
[Result "0-1"]
[WhiteElo "2000"]
[BlackElo "2146"]
[PlyCount "118"]
[EventDate "2012.08.24"]
[EventType "swiss"]
[EventRounds "9"]
[EventCountry "ESP"]
[Source "lmi"]
[SourceDate "2012.08.24"]

1. d4 e6 2. c4 Nf6 3. Nf3 b6 4. g3 Ba6 5. b3 Be7 6. Bg2 c6 7. Bb2 O-O 8. O-O d5
9. Nbd2 Nbd7 10. Ne5 Nxe5 11. dxe5 Nd7 12. cxd5 cxd5 13. Nf3 Rc8 14. Qd2 Qc7
15. Rfc1 Qb8 16. Bf1 Nc5 17. h4 Ne4 18. Qe3 Bc5 19. Bd4 Ba3 20. Rd1 h6 21. Nd2
Nxd2 22. Qxd2 Qc7 23. Bg2 Rfd8 24. g4 Qc2 25. e4 Be2 26. Qxc2 Rxc2 27. Re1 Bxg4
28. f3 dxe4 29. fxg4 Rxd4 30. Bxe4 Rc3 31. Rad1 Bc5 32. Kg2 g6 33. Rxd4 Bxd4
34. Bb1 Rc5 35. b4 Rb5 36. a3 Bxe5 37. Be4 Bf6 38. Bc6 Re5 39. Rxe5 Bxe5 40. h5
gxh5 41. gxh5 f5 42. Kf3 Kf7 43. a4 a5 44. bxa5 bxa5 45. Bd7 Kf6 46. Be8 Bd6
47. Bg6 Bc5 48. Bh7 e5 49. Bg6 e4+ 50. Kf4 Bd6+ 51. Ke3 Ke5 52. Be8 f4+ 53. Ke2
Kd4 54. Bb5 Be7 55. Kf1 Ke3 56. Bc6 f3 57. Bb7 Kf4 58. Bc8 e3 59. Ba6 e2+ 0-1

[Event "29. Torneo Collado Villalba 2012"]
[Site "Collado Villalba ESP"]
[Date "2012.08.28"]
[Round "5.10"]
[White "Renteria, Jorge"]
[Black "Martin Carmona, Gaston Manuel"]
[Result "1-0"]
[WhiteElo "2307"]
[BlackElo "1779"]
[PlyCount "85"]
[EventDate "2012.08.24"]
[EventType "swiss"]
[EventRounds "9"]
[EventCountry "ESP"]
[Source "lmi"]
[SourceDate "2012.08.24"]

1. e4 e6 2. d4 d5 3. Nc3 Nf6 4. e5 Nfd7 5. f4 c5 6. Nf3 Nc6 7. Be3 Qb6 8. Na4
Qa5+ 9. c3 c4 10. b4 Qc7 11. Nb2 Be7 12. Be2 O-O 13. O-O f5 14. Qd2 Rf7 15.
Nxc4 dxc4 16. d5 exd5 17. e6 Rf8 18. exd7 Qxd7 19. Rad1 b5 20. Qxd5+ Qxd5 21.
Rxd5 a6 22. Bc5 Be6 23. Bxe7 Bxd5 24. Bxf8 Kxf8 25. Rd1 Rd8 26. Nd4 Nxd4 27.
Rxd4 Ke7 28. Kf2 Rd6 29. g3 Bb7 30. Rxd6 Kxd6 31. Ke3 g6 32. Kd4 h5 33. a4 Bc6
34. a5 Bb7 35. h3 Bg2 36. Ke3 Kc7 37. Bf3 Bxh3 38. Kd4 Bg4 39. Bd5 Be2 40. Ke5
Bd3 41. Bf7 Be2 42. Bxg6 Bg4 43. Bxf5 1-0

[Event "29. Torneo Collado Villalba 2012"]
[Site "Collado Villalba ESP"]
[Date "2012.08.28"]
[Round "5.11"]
[White "Garcia Galeote, Lorenzo"]
[Black "Semprun Martinez, Fernando"]
[Result "1/2-1/2"]
[WhiteElo "2025"]
[BlackElo "2204"]
[PlyCount "116"]
[EventDate "2012.08.24"]
[EventType "swiss"]
[EventRounds "9"]
[EventCountry "ESP"]
[Source "lmi"]
[SourceDate "2012.08.24"]

1. Nf3 c5 2. b3 d5 3. e3 Nc6 4. Bb2 Bg4 5. Be2 e6 6. Ne5 Bxe2 7. Qxe2 Nxe5 8.
Bxe5 Nf6 9. O-O Be7 10. Qb5+ Qd7 11. Qxd7+ Kxd7 12. d3 Rhd8 13. Nd2 Ne8 14. c4
Kc6 15. Bc3 Bf6 16. Bxf6 Nxf6 17. Nf3 Nd7 18. cxd5+ exd5 19. Rac1 Kd6 20. d4 b6
21. dxc5+ bxc5 22. Rfd1 Nf6 23. Rc4 h6 24. e4 Ke7 25. exd5 Nxd5 26. Rxc5 Nb4
27. Rc7+ Kf8 28. Ra1 Nxa2 29. h4 Nb4 30. Raxa7 Rxa7 31. Rxa7 Rd3 32. Ne5 Rxb3
33. Rxf7+ Kg8 34. Rb7 Rb1+ 35. Kh2 Re1 36. Ng6 Nc6 37. Rc7 Nd4 38. Rd7 Nc6 39.
Rd6 Ne5 40. h5 Kf7 41. f3 Re2 42. Nxe5+ Rxe5 43. g4 Ra5 44. Kg3 Ra4 45. Rd5 Rb4
46. Rf5+ Kg8 47. f4 Rb3+ 48. Kh4 Rf3 49. g5 hxg5+ 50. Kxg5 Rg3+ 51. Kh4 Rg1 52.
Rg5 Rh1+ 53. Kg4 Kf7 54. Ra5 Rb1 55. Kf5 Rb7 56. Kg5 Rb6 57. Ra7+ Kg8 58. Ra3
Kf7 1/2-1/2

[Event "29. Torneo Collado Villalba 2012"]
[Site "Collado Villalba ESP"]
[Date "2012.08.28"]
[Round "5.12"]
[White "Martinez Alvira, Santiago"]
[Black "Cao Armillas, Jesus"]
[Result "1/2-1/2"]
[WhiteElo "2000"]
[BlackElo "2163"]
[PlyCount "120"]
[EventDate "2012.08.24"]
[EventType "swiss"]
[EventRounds "9"]
[EventCountry "ESP"]
[Source "lmi"]
[SourceDate "2012.08.24"]

1. e4 c5 2. Nf3 d6 3. d3 Nc6 4. g3 g6 5. Bg2 Bg7 6. O-O Nf6 7. c3 O-O 8. Nbd2
Bg4 9. Qc2 Nd7 10. h3 Bxf3 11. Bxf3 Rb8 12. a4 a6 13. Nc4 b5 14. axb5 axb5 15.
Ne3 Nb6 16. Bg2 b4 17. f4 Qd7 18. e5 bxc3 19. bxc3 dxe5 20. f5 e4 21. Bxe4 Qc7
22. Kg2 Ne5 23. Ng4 Nxg4 24. hxg4 Be5 25. Qd2 Nd7 26. Rh1 Bg7 27. Qg5 Qe5 28.
fxg6 Rb2+ 29. Kh3 Qxg5 30. gxh7+ Kh8 31. Bxg5 Bxc3 32. Bxe7 Re8 33. Bg5 Nf8 34.
Ra7 Nxh7 35. Bf4 Kg7 36. g5 Nf8 37. Kg4 Ng6 38. Bxg6 Kxg6 39. Rh6+ Kg7 40. g6
Rf8 41. Kf5 Rb5 42. Rh7+ Kg8 43. Rhxf7 c4+ 44. Kg4 cxd3 45. Bd6 Re8 46. g7 Kh7
47. Rf8 Bxg7 48. Rxe8 d2 49. Rxg7+ Kxg7 50. Bf8+ Kf7 51. Rd8 d1=Q+ 52. Rxd1
Kxf8 53. Rd7 Kg8 54. Ra7 Rc5 55. Kh4 Rb5 56. g4 Rc5 57. g5 Rc6 58. Kh5 Rb6 59.
Re7 Ra6 60. Re4 Kg7 1/2-1/2

[Event "29. Torneo Collado Villalba 2012"]
[Site "Collado Villalba ESP"]
[Date "2012.08.28"]
[Round "5.13"]
[White "Gonzalez Mateos, Rafael"]
[Black "Torres Samper, Rafael"]
[Result "1-0"]
[WhiteElo "2161"]
[BlackElo "2000"]
[PlyCount "51"]
[EventDate "2012.08.24"]
[EventType "swiss"]
[EventRounds "9"]
[EventCountry "ESP"]
[Source "lmi"]
[SourceDate "2012.08.24"]

1. d4 Nf6 2. c3 g6 3. Bg5 Bg7 4. Nd2 d6 5. e4 Nbd7 6. f4 e5 7. Ngf3 h6 8. Bxf6
Nxf6 9. fxe5 dxe5 10. Nxe5 O-O 11. Bc4 Nxe4 12. O-O Nxd2 13. Bxf7+ Rxf7 14.
Nxf7 Qd5 15. Qxd2 Be6 16. Nxh6+ Kh7 17. Qf4 Bxh6 18. Qxc7+ Kg8 19. Rf6 Bf5 20.
Rf1 Re8 21. R1xf5 gxf5 22. Rxh6 Re1+ 23. Kf2 Re2+ 24. Kxe2 Qxg2+ 25. Kd1 Qf1+
26. Kc2 1-0

[Event "29. Torneo Collado Villalba 2012"]
[Site "Collado Villalba ESP"]
[Date "2012.08.28"]
[Round "5.14"]
[White "Estrada Martinez, Cesar"]
[Black "Erice Alonso, Santiago"]
[Result "1-0"]
[WhiteElo "2111"]
[BlackElo "2011"]
[PlyCount "85"]
[EventDate "2012.08.24"]
[EventType "swiss"]
[EventRounds "9"]
[EventCountry "ESP"]
[Source "lmi"]
[SourceDate "2012.08.24"]

1. Nf3 d5 2. c4 c6 3. e3 Nf6 4. d4 Bf5 5. Nc3 e6 6. Be2 h6 7. O-O Be7 8. b3 O-O
9. Bb2 Nbd7 10. Bd3 Bxd3 11. Qxd3 Qa5 12. a3 a6 13. b4 Qd8 14. c5 Qc7 15. Qc2
Rfe8 16. Rfd1 Bf8 17. h3 g6 18. Ne5 Bg7 19. f4 h5 20. a4 Rec8 21. e4 Nxe5 22.
dxe5 Nxe4 23. Nxe4 dxe4 24. Qxe4 Rd8 25. Rd6 Rxd6 26. exd6 Qd7 27. Bxg7 Kxg7
28. Rb1 Rc8 29. Rb3 f6 30. Rg3 Qf7 31. f5 exf5 32. Qxf5 Rd8 33. Qxh5 f5 34. Qg5
Qf6 35. Qxf6+ Kxf6 36. Re3 Rd7 37. Kf2 Rh7 38. Kf3 Rd7 39. h4 Rh7 40. g3 Rd7
41. Kf4 Rh7 42. Re8 Rd7 43. Rc8 1-0

[Event "29. Torneo Collado Villalba 2012"]
[Site "Collado Villalba ESP"]
[Date "2012.08.28"]
[Round "5.15"]
[White "Draghici Flutur, Gavril"]
[Black "Velasco Garcia, Jorge Juan"]
[Result "1/2-1/2"]
[WhiteElo "2099"]
[BlackElo "1920"]
[PlyCount "78"]
[EventDate "2012.08.24"]
[EventType "swiss"]
[EventRounds "9"]
[EventCountry "ESP"]
[Source "lmi"]
[SourceDate "2012.08.24"]

1. e4 Nf6 2. e5 Nd5 3. c4 Nb6 4. d4 d6 5. exd6 cxd6 6. Nc3 g6 7. Be3 Bg7 8. Rc1
O-O 9. b3 e5 10. dxe5 dxe5 11. Qxd8 Rxd8 12. c5 N6d7 13. Nb5 Nc6 14. Nd6 Nf8
15. Bc4 Ne6 16. Bxe6 Bxe6 17. Nxb7 Rdb8 18. Nd6 Nb4 19. Ne2 Nxa2 20. Ra1 Rxb3
21. O-O Rb2 22. Rfe1 Nb4 23. Rab1 Rxb1 24. Rxb1 a5 25. Nc3 Bd7 26. Kf1 f5 27.
Nc4 e4 28. Nb6 Rd8 29. Bg5 Bxc3 30. Bxd8 Bb5+ 31. Kg1 Bd4 32. Be7 Kf7 33. Bd6
Ke6 34. Rb3 Be2 35. Ra3 Nd3 36. Rxa5 Nxf2 37. Ra4 Nh3+ 38. Kh1 Nf2+ 39. Kg1
Nh3+ 1/2-1/2

[Event "29. Torneo Collado Villalba 2012"]
[Site "Collado Villalba ESP"]
[Date "2012.08.28"]
[Round "5.16"]
[White "Martin Martin, Luis Vicente"]
[Black "Lopez Heras, Arturo"]
[Result "1-0"]
[WhiteElo "2069"]
[BlackElo "1971"]
[PlyCount "107"]
[EventDate "2012.08.24"]
[EventType "swiss"]
[EventRounds "9"]
[EventCountry "ESP"]
[Source "lmi"]
[SourceDate "2012.08.24"]

1. d4 d6 2. Bf4 Nd7 3. Nf3 Ngf6 4. e3 g6 5. h3 Bg7 6. Be2 O-O 7. O-O c6 8. c4
Qb6 9. Qc2 Re8 10. Nbd2 e5 11. c5 Qd8 12. dxe5 dxe5 13. Bh2 Nd5 14. Rfd1 Qe7
15. Rac1 f5 16. e4 fxe4 17. Nxe4 Nf4 18. Bc4+ Kh8 19. Nfg5 h6 20. Nf7+ Kh7 21.
b4 Nf6 22. Nfd6 Rf8 23. Nxc8 Raxc8 24. Nd6 Rc7 25. Bxf4 exf4 26. Re1 Qd8 27.
Bd3 Nd5 28. Bxg6+ Kh8 29. Ne8 Rd7 30. Re6 Qg5 31. Nxg7 Rxg7 32. Rce1 f3 33. g3
Nxb4 34. Qe4 Qxc5 35. Re8 Rgg8 36. Re7 Rg7 37. Re8 Rgg8 38. Qe7 Qxe7 39. R1xe7
Rxg6 40. Rxf8+ Rg8 41. Rff7 Rg6 42. Rxb7 Nxa2 43. Rxa7 Nb4 44. Rf8+ Rg8 45. Rf6
Rg7 46. Rxh6+ Kg8 47. Ra8+ Kf7 48. Rb8 c5 49. Rh5 Nd3 50. Rf5+ Ke6 51. Rxf3 c4
52. Rc8 Kd5 53. Rd8+ Kc5 54. Rdxd3 1-0

[Event "29. Torneo Collado Villalba 2012"]
[Site "Collado Villalba ESP"]
[Date "2012.08.28"]
[Round "5.17"]
[White "Lorite Cruz, Francisco"]
[Black "Garcia-Sanchez Navarro, Mariano"]
[Result "1-0"]
[WhiteElo "2039"]
[BlackElo "1502"]
[PlyCount "69"]
[EventDate "2012.08.24"]
[EventType "swiss"]
[EventRounds "9"]
[EventCountry "ESP"]
[Source "lmi"]
[SourceDate "2012.08.24"]

1. d4 Nf6 2. c4 e6 3. Nc3 Bb4 4. Qc2 b6 5. f3 O-O 6. a3 Be7 7. e4 h6 8. Be3 Nh7
9. O-O-O c6 10. Bd3 Re8 11. e5 Nf8 12. f4 d5 13. exd6 Bxd6 14. Nf3 Qc7 15. Qd2
Nbd7 16. Ne4 Be7 17. g4 Bb7 18. g5 h5 19. Rhg1 c5 20. Kb1 f5 21. gxf6 Nxf6 22.
Nxf6+ Bxf6 23. Ne5 Rad8 24. Qe2 cxd4 25. Bd2 Bxe5 26. fxe5 Re7 27. Bg5 Rf7 28.
Bxd8 Qxd8 29. Be4 Ba6 30. Bd3 Qh4 31. Rdf1 Rc7 32. Qf3 Qe7 33. Qxh5 Bxc4 34.
Rxf8+ Kxf8 35. Qh8+ 1-0

[Event "29. Torneo Collado Villalba 2012"]
[Site "Collado Villalba ESP"]
[Date "2012.08.28"]
[Round "5.18"]
[White "Rasskin Friederichs, Ivan"]
[Black "Perez Cameselle, Francisco"]
[Result "1-0"]
[WhiteElo "2027"]
[BlackElo "1843"]
[PlyCount "103"]
[EventDate "2012.08.24"]
[EventType "swiss"]
[EventRounds "9"]
[EventCountry "ESP"]
[Source "lmi"]
[SourceDate "2012.08.24"]

1. e4 e6 2. Qe2 c5 3. f4 Nc6 4. Nf3 Nf6 5. Nc3 d5 6. d3 Be7 7. h3 b6 8. g4 Bb7
9. Bg2 O-O 10. O-O a6 11. Qf2 dxe4 12. dxe4 Qc7 13. e5 Nd7 14. Ne4 Rad8 15. c3
Nb4 16. Qe2 Bxe4 17. Qxe4 Nc6 18. Be3 b5 19. Bf2 c4 20. Nd4 Nxd4 21. cxd4 Nb6
22. f5 Nd5 23. Bf3 Qa5 24. Bd1 Qd2 25. Bc2 Qf4 26. Qe2 Rc8 27. Rad1 Qh6 28. Qf3
c3 29. b3 Bg5 30. a3 Be3 31. Rd3 Bxf2+ 32. Rxf2 Qc1+ 33. Kh2 Qg5 34. Qg3 a5 35.
h4 Qh6 36. g5 Qh5 37. Kh1 exf5 38. Rxf5 Qe2 39. Rf2 Qe1+ 40. Kh2 Qc1 41. Qf3
Rcd8 42. Qe4 g6 43. Rdf3 Qxa3 44. h5 Qe7 45. hxg6 hxg6 46. Qh4 f5 47. gxf6 Qh7
48. Qxh7+ Kxh7 49. Rh3+ Kg8 50. Bxg6 Rc8 51. Bf5 Rc7 52. Be6+ 1-0

[Event "29. Torneo Collado Villalba 2012"]
[Site "Collado Villalba ESP"]
[Date "2012.08.28"]
[Round "5.19"]
[White "Sterling Carmona, Francisco"]
[Black "Pastor Alonso de Prado, Alberto"]
[Result "1/2-1/2"]
[WhiteElo "1963"]
[BlackElo "2172"]
[PlyCount "97"]
[EventDate "2012.08.24"]
[EventType "swiss"]
[EventRounds "9"]
[EventCountry "ESP"]
[Source "lmi"]
[SourceDate "2012.08.24"]

1. d4 d5 2. c4 Bf5 3. cxd5 Bxb1 4. Rxb1 Qxd5 5. Qa4+ Nc6 6. Nf3 Qe4 7. Ra1 e5
8. e3 O-O-O 9. Bd2 Nxd4 10. Nxd4 Rxd4 11. Qxa7 Ra4 12. Bd3 Bb4 13. Rd1 Ne7 14.
Bxe4 Bxd2+ 15. Rxd2 Rxa7 16. a3 f5 17. Bc2 c5 18. Ke2 Rd8 19. Rhd1 Rxd2+ 20.
Rxd2 b5 21. f3 Ra6 22. Kf2 Kc7 23. g4 g6 24. h4 c4 25. Bb1 Rc6 26. h5 Rf6 27.
Kg3 Rf8 28. hxg6 hxg6 29. Kh4 Rh8+ 30. Kg5 Rh1 31. gxf5 Rxb1 32. f6 Rg1+ 33.
Kh6 Ng8+ 34. Kg7 Nxf6 35. Kxf6 Rf1 36. Kxe5 Rxf3 37. e4 Kb6 38. Rd6+ Ka5 39.
Rxg6 Rf2 40. Kd4 Rxb2 41. Kc5 c3 42. Kd4 c2 43. Rc6 Ka4 44. Rc3 Rb1 45. Rxc2
Kxa3 46. Re2 Rd1+ 47. Kc5 b4 48. e5 b3 49. e6 1/2-1/2

[Event "29. Torneo Collado Villalba 2012"]
[Site "Collado Villalba ESP"]
[Date "2012.08.28"]
[Round "5.20"]
[White "Saez Gabikagogeaskoa, Oscar"]
[Black "Serrano Martinez, Francisco Jose"]
[Result "1-0"]
[WhiteElo "1989"]
[BlackElo "1958"]
[PlyCount "85"]
[EventDate "2012.08.24"]
[EventType "swiss"]
[EventRounds "9"]
[EventCountry "ESP"]
[Source "lmi"]
[SourceDate "2012.08.24"]

1. e4 c5 2. Nf3 Nc6 3. d4 cxd4 4. Nxd4 g6 5. c4 Bg7 6. Be3 Nf6 7. Nc3 Ng4 8.
Qxg4 Nxd4 9. Qd1 e5 10. Be2 O-O 11. O-O d6 12. Qd2 Be6 13. Rac1 Rc8 14. b3 a6
15. Rfd1 f5 16. exf5 gxf5 17. Bg5 Bf6 18. Bh6 Rf7 19. Bh5 Rd7 20. Qe1 Bg5 21.
Bxg5 Qxg5 22. Rxd4 Qxh5 23. Nd5 Bxd5 24. Rxd5 Rc5 25. Rcd1 Rxd5 26. Rxd5 Qg4
27. h3 Qg5 28. c5 Rg7 29. Qf1 dxc5 30. Rxe5 b6 31. Re8+ Kf7 32. Rb8 Rg6 33.
Qc4+ Kg7 34. g3 Qe7 35. Qf4 Qd7 36. h4 Rd6 37. Qe5+ Kh6 38. Rf8 Rg6 39. Rxf5
Qd1+ 40. Kh2 a5 41. h5 Rd6 42. Qf4+ Kg7 43. Qg5+ 1-0

[Event "29. Torneo Collado Villalba 2012"]
[Site "Collado Villalba ESP"]
[Date "2012.08.28"]
[Round "5.21"]
[White "Perez De Villar Muñoz , Eusebio"]
[Black "Garcia-Ruiz Fuentes, Angel M"]
[Result "0-1"]
[WhiteElo "2023"]
[BlackElo "1942"]
[PlyCount "66"]
[EventDate "2012.08.24"]
[EventType "swiss"]
[EventRounds "9"]
[EventCountry "ESP"]
[Source "lmi"]
[SourceDate "2012.08.24"]

1. e4 c5 2. Nf3 d6 3. c4 e5 4. d3 g6 5. Be2 Bg7 6. Nc3 Nc6 7. O-O Nge7 8. a3
O-O 9. Rb1 f5 10. b4 f4 11. Nd5 Nd4 12. Nxd4 cxd4 13. Nxe7+ Qxe7 14. a4 g5 15.
Ba3 Rf6 16. Rc1 Rg6 17. h3 g4 18. Bxg4 Bxg4 19. hxg4 Qh4 20. f3 Rh6 21. Qe1
Qh2+ 22. Kf2 Bf6 23. Ke2 Bh4 24. Rf2 a6 25. c5 Bxf2 26. Qxf2 Rc8 27. b5 axb5
28. axb5 dxc5 29. Bxc5 Rb6 30. Kd1 Rxb5 31. Ba3 Rxc1+ 32. Bxc1 Qh1+ 33. Kd2 Rb1
0-1

[Event "29. Torneo Collado Villalba 2012"]
[Site "Collado Villalba ESP"]
[Date "2012.08.28"]
[Round "5.22"]
[White "Garcia Saez, Juan Carlos"]
[Black "Martin-Consuegra Barrilero, Francisco Javier"]
[Result "1-0"]
[WhiteElo "2004"]
[BlackElo "1895"]
[PlyCount "51"]
[EventDate "2012.08.24"]
[EventType "swiss"]
[EventRounds "9"]
[EventCountry "ESP"]
[Source "lmi"]
[SourceDate "2012.08.24"]

1. e4 d6 2. d4 Nf6 3. Nc3 e5 4. dxe5 dxe5 5. Qxd8+ Kxd8 6. Bg5 Bb4 7. O-O-O+
Ke8 8. Bxf6 gxf6 9. Nd5 Ba5 10. Nxf6+ Ke7 11. Nd5+ Ke8 12. Nf3 c6 13. Ne3 f6
14. Bc4 b5 15. Bb3 Ke7 16. Nh4 Bc7 17. Nhf5+ Bxf5 18. Nxf5+ Ke8 19. Be6 a5 20.
Rd3 Ra7 21. Rhd1 h5 22. Rg3 Kf8 23. Rg6 Bb6 24. Rxf6+ Ke8 25. f3 Nd7 26. Ng7+
1-0